Three novellas /

Bibliographic Details
Main Author: Tendri︠a︡kov, Vladimir Fedorovich, 1923-1984
Format: Book
Language:Russian
English
Published: Oxford, New York : Pergamon Press, [1967]
Edition:[1st ed.].
Series:Commonwealth and international library.

MARC

Tag First Indicator Second Indicator Subfields
LEADER 00000cam a2200000 4500
001 in00000023498
005 20151007064447.0
008 780421s1967 enka 00011 rusr
010 |a  67021268  
035 |a (OCoLC)03821137 
035 |9 AAD9879AM 
040 |a DLC  |c NAM  |d TXA  |d UtOrBLW 
041 0 |a eng  |a rus 
049 |a TXAM  |c [913833] 
050 0 0 |a PG3476.T42  |b A6 1967 
082 0 |a 891.7/3/44 
100 1 |a Tendri︠a︡kov, Vladimir Fedorovich,  |d 1923-1984. 
245 1 0 |a Three novellas /  |c [by] Vladimir Tendryakov. With an introd. and notes by J. G. Garrard. 
250 |a [1st ed.]. 
264 1 |a Oxford,  |a New York :  |b Pergamon Press,  |c [1967] 
300 |a 199 pages :  |b illustrations ;  |c 20 cm. 
336 |a text  |b txt  |2 rdacontent 
337 |a unmediated  |b n  |2 rdamedia 
338 |a volume  |b nc  |2 rdacarrier 
490 1 |a Commonwealth and international library. Pergamon Oxford Russian series 
500 |a At head of title: Vladimir Tendryakov. 
500 |a Text in Russian. 
500 |a Prefatory matter in English. 
500 |a "Glossary and notes": pages 179-199. 
505 0 |a Ukhaby.--Troika, semerka, tuz.--Sud. 
740 0 2 |a Ukhaby. 
740 0 2 |a Troika, semerka, tuz. 
740 0 2 |a Sud. 
830 0 |a Commonwealth and international library. 
999 |a MARS 
999 f f |s 8ecd94eb-b6c6-36e9-9476-0d72176ff43c  |i 8acd15f9-c78c-3fe7-ad1c-84e6970dfb0f  |t 0 
952 f f |p ric  |a Texas A&M University  |b Rellis Campus  |c Joint Library Facility  |s JLF  |d Remote Storage  |t 0  |e PG3476.T42 A6 1967  |h Library of Congress classification  |i unmediated -- volume  |m A14803631093 
998 f f |a PG3476.T42 A6 1967  |t 0  |l Remote Storage